000 01286cam a22003858a 4500
001 16887234
003 OSt
005 20140310182748.0
008 110719s2013 pau bf 001 0 eng
010 _a 2011030507
020 _a0781773210
035 _a(DNLM)101564902
040 _aDNLM/DLC
_cDLC
042 _apcc
050 _aRT 68
_b.B68 2006
082 0 0 _a615.1/4
_223
100 1 _aBoyer, Mary Jo.
245 1 0 _aMath for nurses :
_ba pocket guide to dosage calculation and drug preparation /
_cMary Jo Boyer.
250 _a6th ed.
260 _aPhiladelphia :
_bWolters Kluwer Health/Lippincott Williams & Wilkins,
_c2006.
263 _a1112
300 _a327 p. :
_c18 cm.
521 _aNUR
650 1 2 _aPharmaceutical Preparations
_xadministration & dosage
_vHandbooks.
650 1 2 _aPharmaceutical Preparations
_xadministration & dosage
_vNurses' Instruction.
650 2 2 _aDosage Forms
_vHandbooks.
650 2 2 _aDosage Forms
_vNurses' Instruction.
650 2 2 _aDrug Dosage Calculations
_vHandbooks.
650 2 2 _aDrug Dosage Calculations
_vNurses' Instruction.
650 2 2 _aMathematics
_vHandbooks.
650 2 2 _aMathematics
_vNurses' Instruction.
906 _a7
_bcbc
_corignew
_d1
_eecip
_f20
_gy-gencatlg
942 _2lcc
_cBK
_kFOR
999 _c15692
_d15692